[Event "AUT-chT2W 1314"]
[Site "Austria"]
[Date "2014.03.08"]
[Round "10.5"]
[White "Nedelchev, Nikolay"]
[Black "Hengl, Christian"]
[Result "0-1"]
[WhiteElo "2045"]
[BlackElo "2207"]
[PlyCount "96"]
[EventDate "2013.10.18"]
[EventType "team-tourn"]
[EventRounds "11"]
[EventCountry "AUT"]
[SourceTitle "EXT 2015"]
[Source "ChessBase"]
[SourceDate "2014.11.20"]
[SourceVersion "1"]
[SourceVersionDate "2014.11.20"]
[SourceQuality "1"]
[WhiteTeam "Pradl"]
[BlackTeam "Rum Rochade"]
[WhiteTeamCountry "AUT"]
[BlackTeamCountry "AUT"]

1. d4 d5 2. Nf3 Nf6 3. Bg5 e6 4. Nbd2 c5 5. c3 Nc6 6. e3 h6 7. Bh4 g5 8. Bg3 Nh5 9. Be5 f6 10. Bg3 f5 11. Ne5 Nxg3 12. Nxc6 bxc6 13. hxg3 g4 14. Qa4 Qb6 15. dxc5 Bxc5 16. 0-0-0 Rb8 17. Nb3 Bd7 18. Qf4 Bf8 19. Qe5 Rh7 20. Rd2 Kf7 21. e4 h5 22. exf5 exf5 23. f4 Rh6 24. Qd4 Re8 25. Bd3 Re3 26. Qxb6 axb6 27. Nd4 Kf6 28. Ne2 Rh7 29. Kd1 Bc5 30. Bc2 Be8 31. Rd3 Rhe7 32. Rxe3 Bxe3 33. Rf1 c5 34. b3 Bb5 35. c4 dxc4 36. Nc3 Bc6 37. bxc4 Rd7+ 38. Nd5+ Bxd5 39. cxd5 Rxd5+ 40. Ke2 Rd2+ 41. Kxe3 Rxc2 42. Rb1 Rxg2 43. Rxb6+ Ke7 44. Rb7+ Ke6 45. Rb6+ Kd5 46. a4 Rxg3+ 47. Ke2 Ra3 48. Ra6 Ke4 0-1

[Event "Seefeld op 18th"]
[Site "Seefeld"]
[Date "2007.09.04"]
[Round "4"]
[White "Nedelchev, Nikolay"]
[Black "Shahin, Walid"]
[Result "1/2-1/2"]
[WhiteElo "1980"]
[BlackElo "2068"]
[PlyCount "76"]
[EventDate "2007.09.01"]
[EventType "swiss"]
[EventRounds "9"]
[EventCountry "AUT"]
[SourceTitle "EXT 2009"]
[Source "ChessBase"]
[SourceDate "2008.11.26"]
[SourceVersion "1"]
[SourceVersionDate "2008.11.26"]
[SourceQuality "1"]

1. d4 Nf6 2. Nf3 d5 3. c4 c6 4. Qc2 g6 5. g3 Bf5 6. Qb3 Qb6 7. Qxb6 axb6 8. Nbd2 dxc4 9. Nxc4 Nbd7 10. Ne3 Be4 11. Bg2 Nd5 12. 0-0 Bg7 13. Rd1 N7f6 14. Ng5 Bxg2 15. Nxg2 h6 16. Nf3 0-0 17. Bf4 Nxf4 18. Nxf4 Rfd8 19. e3 Ne4 20. Rd3 Rd7 21. Rb3 b5 22. a3 e6 23. Rc1 g5 24. Nd3 f6 25. Nc5 Nxc5 26. Rxc5 Bf8 27. Rc1 Ra4 28. Ne1 Kf7 29. Nd3 Rd5 30. h3 Kg6 31. Kg2 Rc4 32. Rbc3 Rxc3 33. Rxc3 Rd8 34. Kf3 Ra8 35. e4 h5 36. Ke3 Rd8 37. Nc5 Bxc5 38. Rxc5 f5 1/2-1/2

[Event "Seefeld op 18th"]
[Site "Seefeld"]
[Date "2007.09.03"]
[Round "3"]
[White "Nedelchev, Nikolay"]
[Black "Aigner, Georg"]
[Result "1-0"]
[WhiteElo "1980"]
[BlackElo "2033"]
[PlyCount "123"]
[EventDate "2007.09.01"]
[EventType "swiss"]
[EventRounds "9"]
[EventCountry "AUT"]
[SourceTitle "EXT 2009"]
[Source "ChessBase"]
[SourceDate "2008.11.26"]
[SourceVersion "1"]
[SourceVersionDate "2008.11.26"]
[SourceQuality "1"]

1. d4 Nf6 2. Nc3 d5 3. Bg5 h6 4. Bxf6 exf6 5. Qd2 Bb4 6. a3 Ba5 7. g3 0-0 8. b4 Bb6 9. Bg2 c6 10. Nf3 Re8 11. 0-0 Bc7 12. Rfe1 f5 13. e3 Nd7 14. Qd3 Nb6 15. a4 Be6 16. Reb1 Nc4 17. Nd2 Nd6 18. Nb3 Ne4 19. Nd1 h5 20. Nc5 b6 21. Nxe6 Rxe6 22. f3 Nd6 23. Nf2 h4 24. Nh1 Qg5 25. Kf2 Rae8 26. Re1 Nc4 27. e4 f4 28. g4 Ne3 29. h3 Qe7 30. exd5 cxd5 31. Kg1 Qxb4 32. Nf2 Qb2 33. Rab1 Qa2 34. Ra1 Qc4 35. Qxc4 dxc4 36. Bf1 Nxf1 37. Kxf1 a6 38. Ne4 f6 39. d5 Re5 40. d6 Bb8 41. Rab1 Ba7 42. d7 Rd8 43. Rbd1 Kf8 44. Nc3 Kf7 45. Ne4 Ke7 46. Nd6 Rxe1+ 47. Kxe1 Rxd7 48. Nc8+ Kd8 49. Rxd7+ Kxd7 50. Nxa7 Kc7 51. Kd2 Kb7 52. Nb5 axb5 53. axb5 Kc7 54. Kc3 Kd6 55. Kxc4 Ke5 56. Kd3 g5 57. c4 f5 58. gxf5 Kxf5 59. c5 Ke6 60. cxb6 Kd6 61. Ke4 g4 62. fxg4 1-0

[Event "Seefeld op 18th"]
[Site "Seefeld"]
[Date "2007.09.02"]
[Round "2"]
[White "Scheidt, Eugen"]
[Black "Nedelchev, Nikolay"]
[Result "0-1"]
[WhiteElo "1981"]
[BlackElo "1980"]
[PlyCount "44"]
[EventDate "2007.09.01"]
[EventType "swiss"]
[EventRounds "9"]
[EventCountry "AUT"]
[SourceTitle "EXT 2009"]
[Source "ChessBase"]
[SourceDate "2008.11.26"]
[SourceVersion "1"]
[SourceVersionDate "2008.11.26"]
[SourceQuality "1"]

1. d4 Nf6 2. Nf3 d5 3. e3 Bg4 4. h3 Bh5 5. Bd3 e6 6. 0-0 Nbd7 7. Nbd2 Bg6 8. Qe2 Ne4 9. a3 f5 10. c4 c6 11. cxd5 exd5 12. b4 Bd6 13. Bb2 Bh5 14. Qe1 Qe7 15. Qc1 a6 16. Qc2 0-0 17. Rac1 Rac8 18. Rfe1 g5 19. Nf1 g4 20. Bxe4 fxe4 21. N3h2 gxh3 22. gxh3 Bf3 0-1